Normal view
MARC view
Entry Personal Name
001 - CONTROL NUMBER
- control field: 51343
003 - CONTROL NUMBER IDENTIFIER
- control field: dpl
005 - DATE AND TIME OF LATEST TRANSACTION
- control field: 20120822124504.0
008 - FIXED-LENGTH DATA ELEMENTS
- fixed length control field: 120822|||a|||||| | ||| d
040 ## - CATALOGING SOURCE
- Original cataloging agency: dpl
- Transcribing agency: dpl
100 ## - HEADING--PERSONAL NAME
- Personal name: Naunihal singh
670 ## - SOURCE DATA FOUND
- Source citation: Work cat.: (dpl)69061: Naunihal singh, India:, 2006
670 ## - SOURCE DATA FOUND
- Source citation: Work cat.: (dpl)69061: Naunihal singh, India:, 2006
